000 01327nam a2200349 i 4500
001 000038610
003 DO-SdBNP
005 20241031125205.0
007 ta
008 130416s2008 dr ac 001 0 spa d
020 _a9789945861525
040 _aDO-SdBNP
_bspa
_cBNPHU
_erda
082 4 _a972.93053
_bB174m
_222
100 1 _aBalcácer, Juan Daniel,
_eautor
_4aut.
_964937
245 1 0 _aMarcos A. Jorge Moreno :
_bel último ayudante militar de Trujillo /
_cJuan Daniel Balcácer; José Chez Checo.
264 4 _aSanto Domingo :
_bEditora Amigo del Hogar,
_c2008.
300 _a461 páginas ;
_c25 cm.
336 _atexto
_btxt
_2rdacontent
337 _asin mediación
_bn
_2rdamedia
338 _avolumen
_bnc
_2rdacarrier
500 _aIncluye índice
500 _aIncluye referencias bibliográficas y notas al pie de las páginas
504 _aBibliografía : páginas 443- 446
590 _aInventariado, 2019/MFF
600 1 4 _aJorge Moreno, Marcos Antonio,
_d1927-2005
_964938
651 4 _aRepública Dominicana
_xFuerzas Armadas
_vBiografías
_964939
651 4 _aRepública Dominicana
_xHistoria,
_y1930-1961
_91301
651 4 _aRepública Dominicana
_xPolítica y gobierno
_y1930-1961
_9479
700 1 2 _aChez Checo, José,
_d1949-
_910145
910 _aValidado. Control de calidad MFF
942 _2ddc
_cLBS1
999 _c38100
_d38100